Centrum pre medzinárodnoprávnu ochranu detí a mládeže

Bibliographic Details
Main Author: Mátejová, Alena (Author)
Format: Article
Language:Slovak
ISSN:1335-1079
Subjects:

MARC

LEADER 00000nab a2200000 a 4500
001 vtls008945792
003 SK-MaSNL
005 20260304135432.0
008 250505c2007 xo mr|p|||||||000 b|slo
015 |a SNBRB2007/02 
035 |a (uuid)e8265b8b-ea48-4c33-a632-b4328ccd01fd 
035 |a urn:nbn:sk:snk-ab2741 
035 |a (urnnbn)urn:nbn:sk:snk:ar-a01sf3 
038 |a SNKBUCL 
040 |a SNKBUCL  |b slo  |c SNKBUCL  |e AACR2 
041 0 |a slo 
044 |a xo  |c SK 
080 |a 342.7-053.2  |2 1997 
100 1 |a Mátejová, Alena  |4 aut  |9 786664 
245 1 0 |a Centrum pre medzinárodnoprávnu ochranu detí a mládeže  |c Alena Mátejová 
610 2 7 |a Centrum pre medzinárodnoprávnu ochranu detí a mládeže (Bratislava, Slovensko)  |2 snkbucl  |9 550633 
650 0 7 |a sociálna kuratela  |2 snkbucl  |9 363677 
650 0 7 |a práva detí  |2 snkbucl  |9 2258 
773 0 |t Bulletin slovenskej advokácie  |g Roč. XIII, č. 1-2 (2007), s. 63-65  |x 1335-1079 
850 |a Slovenská národná knižnica 
852 |a Slovenská národná knižnica 
954 |a odborná, vedecká literatúra pôvodná (slovenská)  |2 lita 
958 |a article2022 
958 |a SK 
958 |a OND 
958 |a EUIPO 
999 |c 2910813  |d 2912743